000 00730nab#a2200241#c#4500
999 _c122294
_d122294
003 IEF
005 20191205103521.0
008 950704s1976 uuu|| #####0 b| |u
040 _aIEF
_cES-MaIEF
100 1 _aFontana Lázaro, Josep
_916179
245 _aJosé López Juana Pinilla, una gran figura de la Hacienda española del siglo XIX
_c Josep Fontana
260 _c1976
500 _aBibliografía
650 4 _aHISTORIA ECONOMICA
_945401
650 4 _aESPAÑA
_941092
650 4 _aLOPEZ JUANA PINILLA, JOSE (1774-1846)
_947654
650 4 _aHACIENDA PUBLICA
_950201
650 4 _aSIGLO XIX
_948415
773 0 _tHacienda pública española
_w34570
_g38, p. 93-100
942 _2udc
942 _2udc